000 00321nam a22001337a 4500
082 _a823
_bSUD/D
100 _aSUDHAKAR, SUMATHI
245 _aTHE DIVINE FRUIT AND OTHER STORIES
260 _aCHENNAI
_bPEARL INDUS
300 _a42
520 _aENGLISH SHORT STORY
650 _aENGLISH SHORT STORY
_zCHENNAI
942 _cBK
999 _c5756
_d5756